| 000 | 00359nam a22001457a 4500 | ||
|---|---|---|---|
| 999 |
_c2083 _d2083 |
||
| 008 | 200212b ||||| |||| 00| 0 eng d | ||
| 082 | 0 | 0 |
_a341.45 _bM4788 |
| 100 |
_91674 _aMcFee, William. |
||
| 245 | 1 | 0 |
_aLaw of the sea _cby William McFee |
| 260 |
_aLondon _bFaber & Faber _c1950 |
||
| 300 | _a302p. | ||
| 365 | _d13.08 | ||
| 650 | 0 | _aMaritime Law | |
| 942 | _cBK | ||